000 00645nam a2200193Ia 4500
003 IN-BaIIA
008 211028s9999 xx 000 0 eng d
040 _cIIA Library
080 _a082.2:52
_bIAU-S11
245 4 _aThe rotation of the earth and atomic time standards
_cedited by Dirk Brouwer
260 _aMoscow
_bInternational Astronomical Union
_c1958
300 _a44p.
490 _aIAU Symposium; no. 11 Reprint from April 1959, 64, Part 81
650 _aAstronomy and Astrophysics Thesaurus
650 _aEarth
650 _aEarth rotation
_93950
700 _aBrouwer, Dirk, ed.,
_93951
942 _cBK
999 _c2173
_d2173